000 00301nam a22001337a 4500
008 171012b xxu||||| |||| 00| 0 eng d
020 _a9780065023459
041 _aeng
080 _22ND
_a316
100 _a50
101 _aSOC
245 _aSOCIOLOGY A BRIEF INTRODUCTION
_cTHIO,A
942 _2udc
_cBK
999 _c33471
_d33471